000 01902nam a2200541 i 4500
001 43263
003 KOSZ 005
005 20220201121019.0
008 031113s2003 pl a f |000 0 pol
015 _aPB 2004/770
035 _a991021811869705066
035 _a(PL-WaBN)b15892633-48omnis_nlop
035 _ab15892633
035 _a(OCoLC)749230211
035 _a(PL)b0000001589263
035 _a(EXLNZ-48OMNIS_NETWORK)9910365639205606
040 _aWA N
_cWA N
_dKOSZ 005/HR
041 0 _apol
_beng
_bger
046 _k2003
080 _a621.9
080 _a658.5
080 _a004.38
080 _a004.42
100 1 _aDuda, Jan
_d(1949- )
_eAutor
245 1 0 _aWspomagane komputerowo generowanie procesu obróbki w technologii mechanicznej /
_cJan Duda.
260 _aKraków :
_bWydaw. PK,
_c2003.
300 _a223 s., [2] k. tabl. złoż. :
_bil. ;
_c24 cm.
336 _2rdacontent
_aTekst
_btxt
337 _2rdamedia
_aBez urządzenia pośredniczącego
_bn
338 _2rdacarrier
_aWolumin
_bnc
380 _aKsiążki
380 _aPublikacje naukowe
388 _a2001-
490 1 _aMonografia / Politechnika Krakowska im. Tadeusza Kościuszki. Mechanika
500 _aISSN i nr serii gł.: 0860-097X ; 286.
504 _aBibliogr.
546 _aStreszcz. ang., niem.
650 7 _aSkrawanie
_2DBN
650 7 _aTechnologia
650 7 _aKomputerowe wspomaganie wytwarzania
658 _aInżynieria i technika
710 2 _aWydawnictwo Politechniki Krakowskiej
_4pbl
830 0 _aMonografia - Politechnika Krakowska im. Tadeusza Kościuszki,
_v286
856 _uhttp://koha.tu.koszalin.pl/cgi-bin/koha/opac-detail.pl?biblionumber=43263
_zKatalog online BPK
830 0 _aMonografia - Politechnika Krakowska im. Tadeusza Kościuszki.
_pMechanika
942 _2UKD
_cKS
999 _c43263
_d43263